000 00989nam a2200229 a 4500
001 BRCA_2206
005 20190320203720.0
008 001127s2000 sp-a---##b---#001-0dspa-#
020 _a8495146525
040 _aDLC
_cDLC
_dDLC
050 4 _aDP178
_b.M96 2000
245 1 0 _aEl mundo de Carlos V
_bde la España medieval al Siglo de Oro.
260 _aMéxico
_bSociedad Estatal para la Conmemoración de los Centenarios de Felipe II y Carlos V : UNAM : CONACULTA
_c2000
300 _a446 p.
_bil. (algunas a color)
_c30 cm.
500 _aCatálogo de la exposición realizada en el Antiguo Colegio de San Ildefonso (México), 3 de noviembre 2000 - 25 de febrero 2001
500 _a2do. ejemplar en el Área de Investigación
504 _aBibliografía : p. 427-442
600 1 4 _aCarlos
_bV
_cEmperador Romano
_d1500-1558
_96646
651 4 _aEspaña
_vExposiciones
_xCivilización
_y1516-1700
_96647
651 4 _aEspaña
_vExposiciones
_xHistoria
_yCarlos I, 1516-1556
_95890
942 _2lcc
_cB
999 _c1962
_d1962